Statistics for Geography by Letter on the World Map - M

Click here to take the quiz!

General Stats

  • This quiz has been taken 15,963 times
    (10,512 since last reset)
  • The average score is 13 of 20

Answers on the Map

Answers color-coded by a green-red scale on the quiz's map according to % correct below.
 

Answer Stats

Answer% Correct
Mongolia
97%
Madagascar
96%
Mediterranean Sea
95%
Mississippi
91%
Moscow
91%
Gulf of Mexico
85%
Missouri
80%
Lake Michigan
79%
Manitoba
72%
Macedonia
69%
Mekong River
56%
Manchuria
55%
Matterhorn
49%
Mariana Trench
47%
Mozambique Channel
47%
Maghreb
46%
Mojave Desert
46%
Mesopotamia
45%
Melanesia
38%
Mackenzie River
26%

Score Distribution

Percentile by Number Answered

Percent of People with Each Score

Your Score History

You have not taken this quiz since the last reset